000 00717nam a22002297a 4500
005 20100814095637.0
010 _aENG-100441
020 _c80.00
035 _aEN-83974
037 _bDBAD/PUB
082 _a346.54
100 _aTaxpert
_923542
245 _aThe Indian trusts act, 1882 /
_cby Taxpert
250 _a4th ed.
260 _aMumbai
_bC. jamnadas & Co.
_c2008
270 _a146-C, Shamaldas Gandhi Marg
_bMumbai
_e400002
300 _a120 p.
_c22cm (Pbk)
650 _aTrust & trustees
_923543
700 _912834
942 _2ddc
_cEN
_h346.54
_mTAX
999 _c41934
_d41934